La pintura italiana del Renacimiento

Gardado en:
Detalles Bibliográficos
Autor Principal: Encina, Juan del (Author)
Formato: Libro
Idioma:Lingua castelá
Publicado: Ciudad de México Fondo de Cultura Económica 1964
Edición:3a. ed
Series:Breviarios, 9
Subjects:
Tags: Engadir etiqueta
Sen Etiquetas, Sexa o primeiro en etiquetar este rexistro!

MARC

LEADER 00000cam a2200000 a 4500
001 UCE0598
003 CL-VaPUC
008 140124e19640000mx |||||||||||||||||spa|d
082 0 4 |a 759.03  |b ENC  |2 21 
100 |a Encina, Juan del  |e author  |9 419445 
245 1 3 |a La pintura italiana del Renacimiento 
250 |a 3a. ed 
300 |a 235 p 
942 |c BK 
945 |d 20140124 15:34:00  |a dcastane 
260 |a Ciudad de México  |b Fondo de Cultura Económica  |c 1964 
650 0 |a Pintura renacentista  |9 266314 
650 0 |a Pintura italiana  |9 265293 
583 |a last modification  |c 20140124 15:34:00  |k Rodrigo Vera 
490 0 |a Breviarios, 9 
999 |c 354667  |d 354665 
952 |0 0  |1 0  |3 erd  |4 0  |6 759_030000000000000_ENC_1964  |7 0  |8 A  |9 460657  |a BIBART  |b BIBART  |i 5003385  |o 759.03 ENC 1964  |p 5003385  |r 2025-03-13  |w 2019-11-23  |y BK  |z Catalogado en:20140124  |k ART